ბათუმის შოთა რუსთაველის სახელმწიფო უნივერსიტეტის ბიბლიოთეკა

ვაზი და ღვინო საქართველოში : არქეოლოგიური და ეთნოგრაფიული მონაცემების მიხედვით = The Grapevine and Vine in Georgia : According to Archaelogical and Ethnographie Evidence / (ბიბ.ჩანაწერი № 63499)

000 -ლიდერი
ფიქსირებული სიგრძის საკონტროლო ველი 02561nam a22002417a 4500
003 - საკონტროლო ნომრის იდენტიფიკატორი
საკონტროლო ველი Ge_BSU
005 - ბოლო ოპერაციის თარიღი და დრო
საკონტროლო ველი 20251020155146.0
008 - ფიქსირებული სიგრძის მონაცემთა ელემენტები - ზოგადი ინფორმაცია
ფიქსირებული სიგრძის საკონტროლო ველი 251020s2023 ge ||||| |||| 00| 0 geo d
020 ## - წიგნის საერთაშორისო სტანდარტული ნომერი
International Standard Book Number 9789941257230
041 ## - ენის კოდი
Language code of text/sound track or separate title geo
080 ## - უნივერსალური ათობითი კლასიფიკაციის ინდექსი
Universal Decimal Classification number 634.8(479.22)(09):663.2(479.22)(09): 903.23(479.22)(09) 392(=353.1) ნ-16
100 ## - მთავარი ჩანაწერი - პიროვნების სახელი
Personal name ნადირაძე, ელდარ
9 (RLIN) 26071
245 ## - ცნობა სათაურის შესახებ
Title ვაზი და ღვინო საქართველოში : არქეოლოგიური და ეთნოგრაფიული მონაცემების მიხედვით = The Grapevine and Vine in Georgia : According to Archaelogical and Ethnographie Evidence /
Statement of responsibility, etc ელდარ ნადირაძე ; თარგმნა ზაალ ზურაბაშვილმა ; ფოტო: მირიან კილაძე, გიორგი ბარისაშვილი, ელდარ ნადირაძე, ლუარსაბ ტოგონიძე ;
264 ## - წარმოების, გამოცემის, დისტრიბუციის და სხვა ცნობები
გამოცემის, წარმოების, დისტრიბუციის... ადგილი თბილისი :
გამოცემის, წარმოების, დისტრიბუციის... სახელწოდება მერიდიანი,
გამოცემის, წარმოების, დისტრიბუციის... თარიღი 2023.
300 ## - ფიზიკური აღწერა
Extent 200 გვ. :
Other physical details ფოტ., ილ. ;
Dimensions 30,5 სმ.
500 ## - ზოგადი შენიშვნა
General note მომზადდა ღვინის ეროვნული სააგენტოს ქართული ვაზისა და ღვინის კულტურის კვლევის სამეცნიერო პროექტის ფარგლებში.
გამოიცა ბ-ნ თენგიზ გავაშელის დახმარებით.
546 ## - LANGUAGE NOTE
Language note გარეკანი, თავფურცელი და ტექსტი ქართულ და ინგლისურ ენებზე.
653 ## - INDEX TERM--UNCONTROLLED
Uncontrolled term მევენახეობის ისტორია საქართველოში. მეღვინეობის ისტორია საქართველოში. ქართული არქეოლოგიური კულტურა. ქართველების წეს-ჩვეულებები.
653 ## - INDEX TERM--UNCONTROLLED
Uncontrolled term მევენახეობა
700 ## - ADDED ENTRY--PERSONAL NAME
Personal name ზურაბაშვილი, ზაალ
Relator term მთარგმნელი და სხვ.
9 (RLIN) 26072
711 ## - ADDED ENTRY--MEETING NAME
Meeting name or jurisdiction name as entry element საქართველოს ეროვნული მუზეუმი, ისტორიისა და ეთნოლოგიის სამეცნიერო-კვლევითი ინსტიტუტი.
9 (RLIN) 26073
942 ## - ADDED ENTRY ELEMENTS (KOHA)
Source of classification or shelving scheme
Koha item type წიგნი
ეგზემპლარები
ჩამოწერის სტატუსი დაკარგული ეგზემპლარის სტატუსი კლასიფიკაციის წყარო ან თაროზე გაწყობის სქემა დაზიანების სტატუსი არ გაიცემა მუდმივი მდებარეობა (დაცვის ადგილი) ამჟამინდელი ადგილსამყოფელი თაროზე განთავსების ადგილი შეძენის თარიღი ღირებულება, შესყიდვის ნორმალური ფასი სრული შენახვის შიფრი შტრიხკოდი ბოლო ოპერაციის თარიღი ეგზემპლარის მიმდევრობითი ნომერი (კეტერი?) ფასის ძალაში შესვლის თარიღი ეგზემპლარის სახეობა საჯარო შენიშვნა
          აგრარული და მემბრანული ტექნოლოგიების ინსტიტუტის ბიბლიოთეკა აგრარული და მემბრანული ტექნოლოგიების ინსტიტუტის ბიბლიოთეკა წიგნსაცავი 2025-10-20 25.00 634.8(479.22)(09):663.2(479.22)(09): 903.23(479.22)(09) 392(=353.1) ნ-16 72752 2025-10-20 72752 2025-10-20 წიგნი 25.00